000 00506nam a2200181Ia 4500
008 240925s9999 xx 000 0 und d
020 _a9788120339101
082 _a005.43 SIN
100 _aSingh, Brijendra
245 0 _aNetwork Security and Management
250 _a2nd
260 _aNew Delhi:
_bPrientice Hall of India
_c,2009.
300 _a175p.
_b0
_fOriginal
500 _aIncludes Index
600 _aComputer Science
650 _aComputer science, information & general works
942 _cBK
999 _c12571
_d12571